[Event "Brody Bryvko Memorial 2nd"]
[Site "Brody"]
[Date "2022.12.11"]
[Round "3"]
[White "Hrytsyuk, Maksym"]
[Black "Tretiak, Igor"]
[Result "0-1"]
[WhiteElo "1637"]
[BlackElo "1101"]
[PlyCount "84"]
[EventDate "2022.12.11"]
[EventType "swiss (blitz)"]
[EventRounds "9"]
[EventCountry "UKR"]
[SourceTitle "CBM 211 Extra"]
[Source "ChessBase"]
[SourceDate "2023.01.31"]
[SourceVersion "1"]
[SourceVersionDate "2023.01.31"]
[SourceQuality "1"]

1. f4 d5 2. Nf3 Nf6 3. e3 Bf5 4. b3 Nbd7 5. Bb2 e6 6. Nc3 Bd6 7. Be2 c5 8. Bb5 0-0 9. Bxd7 Nxd7 10. 0-0 Qe7 11. Ne2 Nf6 12. Ng3 Bg6 13. Ne5 Bxe5 14. Bxe5 Ne4 15. Nxe4 dxe4 16. Qe2 Rfd8 17. Bc3 Rd7 18. Rf2 h5 19. g4 hxg4 20. Qxg4 Rd5 21. Kg2 Rh5 22. a4 Rh7 23. Rh1 Bh5 24. Qg3 Bf3+ 25. Rxf3 exf3+ 26. Qxf3 Rd8 27. Kf2 Qh4+ 28. Ke2 Qh5 29. d3 b6 30. Kf2 Qxf3+ 31. Kxf3 a6 32. Kg3 b5 33. axb5 axb5 34. Ra1 Rc8 35. Ra5 c4 36. Be1 cxb3 37. cxb3 Rh5 38. b4 Rd5 39. d4 Rc2 40. h3 Re2 41. Bf2 Rb2 42. Be1 Rb1 0-1